000
00307nam a2200133Ia 4500
008
230312s9999||||xx |||||||||||||| ||und||
082
_a
020
_b
OFF
245
0
_a
Official Guide for GMAT
260
_b
Educational testing services
_c
1998
300
_a
530
546
_a
Eng.
650
_a
Computer
942
_c
BK
999
_c
2867
_d
2867